000 00664nam a2200229Ia 4500
003 OSt
005 20220923230724.0
006 a|||||r|||| 00| 0
007 ta
008 Pun
024 _a305,080
037 _cTextual
040 _aARTS
_cARTS
_bPun
041 _2Pun
_aPun
082 _aV236:1.M, 153J4
100 _aਹੋਤੀ, ਪ੍ਰੇਮ ਸਿੰਘ
_9156315
245 0 _aਖਾਲਸਾ ਰਾਜ ਦੇ ਬਦੇਸੀ ਕਾਰਿੰਦੇ
260 _c1954
650 _aਭਾਰਤੀਯ ਇਤਿਹਾਸ
942 _hV236:1.M, 153J4
_cTEXL
_2CC
999 _c386883
_d386883